Normal view MARC view

Entry Personal Name

Number of records used in: 1

001 - CONTROL NUMBER

  • control field: 262530

003 - CONTROL NUMBER IDENTIFIER

  • control field: OSt

005 - DATE AND TIME OF LATEST TRANSACTION

  • control field: 20260423165740.0

008 - FIXED-LENGTH DATA ELEMENTS

  • fixed length control field: 260423|| aca||aabn | a|a d

040 ## - CATALOGING SOURCE

  • Original cataloging agency: OSt
  • Transcribing agency: OSt

100 ## - HEADING--PERSONAL NAME

  • Personal name: Tandon M P

670 ## - SOURCE DATA FOUND

  • Source citation: Work cat.: (OSt)241340: Tandon M P, Code of civil procedure 1908 Ed 31, 2025